films par métiers #8 - Statistiques

Statistiques générales
  • Ce quiz a été pris 62 fois
  • Le résultat moyen est 7 sur 20
Statistiques - réponses
Hint Réponse % Correct
Psychologue pour enfants (Malcolm Crowe) Sixième Sens (1999)
60%
Soldat de 1ere classe (Adrian Caparzo) Il Faut Sauver le Soldat Ryan (1998)
58%
Paléoclimatologue (Jack Hall) Le Jour d'Après (2004)
45%
Agent de sécurité dans un marché (Thierry) La Loi du Marché (2015)
43%
Violoniste (Wallace Hartley) Titanic (1997)
43%
Pilote de la Royal Air Force (Collins) Dunkerque (2017)
42%
Commissaire (Gérard Gilbert) Taxi (1998)
42%
Kiné (Vincent) Les Petits Mouchoirs (2010)
40%
Etudiante en Architecture/Architecte (Ariane) Inception (2010)
36%
Inspecteur (Sean Devine) Mystic River (2003)
36%
Colonel Professeur (Irina Spalko) Indiana Jones et le Royaume de Cristal (2008)
34%
Agent Secret (Bryan Mills) Taken (2008)
34%
Patron du Chemin de Fer (Morton) Il Était Une Fois dans l'Ouest (1968)
32%
Chasseur de Prime / Colonel (Douglas Mortimer) Et Pour Quelques Dollars de Plus (1965)
26%
Cocher (O. B. Jackson) Les Huit Salopards (2015)
23%
Infirmière (Annette Monod) La Rafle (2010)
21%
Secrétaire à la Défense des Etats-Unis (Regina Jackson) Le Jour où la Terre s'arrêta (2008)
21%
Détective Privé (Germain Pire) Un Long Dimanche de Fiançailles (2004)
21%
Prêtre (Pablo Ramirez) Le Bon La Brute Le truand (1966)
19%
Journaliste d'Investigation (Jean Lucas) Les Compères (1983)
11%
Aucun quiz correspondant
Distribution des résultats
% des personnes avec chaque résultat
Percentile par nombre de réponses
Votre historique - résultats
Vous n’avez pas pris ce quiz